000 01157nam a22003737a 4500
001 BR7704739
003 BR-BrBNA
005 20230928085414.0
007 ta
008 230509b bl.||||| |||| 00| 0 por d
040 _aBR-BrBNA
_bpor
_cBiblioteca Nacional de Agricultura
041 _a(Por)
072 _aE30; L70; H00
_b4150
_b3801
_b3575
_b/G514
090 _ 4150 BR7704739
110 1 _aSubsecretaria de Planejamento e Orcamento, Brasilia, DF (Brasil)
245 1 _aAnalise dos projetos prioritarios ate o 3. trimestre de 1977. Regiao Nordeste. Anexo 1 [inspecao sanitaria, defesa vegetal, Brasil]
260 3 _aBrasilia, DF (Brasil):
_c[nd].
300 _a221 p.
500 _aNumerical data; Published 1977?
650 _aPROJETO DE DESENVOLVIMENTO
650 _aINSPECAO SANITARIA
650 _aAFTOSA
650 _aINSEMINACAO ARTIFICIAL
650 _aREGISTRO GENEALOGICO
650 _aNUTRICAO ANIMAL
650 _aCORRETIVO
650 _aFERTILIZANTE
650 _aSEMENTE
650 _aDEFESA VEGETAL
650 _aMETEOROLOGIA
650 _aREGIAO NORDESTE
909 _a202309
_bLucia
_c55
_dLucia Elande
942 _cBK
999 _c24255
_d24255